Name that Walking Dead Character - Statistics

General Stats
  • This quiz has been taken 12 times
  • The average score is 77 of 106
Answer Stats
Picture Answer % Correct
Abraham
100%
Andrea
100%
Beth
100%
Carl
100%
Carol
100%
Dale
100%
Eugene
100%
Gabriel
100%
Glenn
100%
Hershel
100%
Jesus
100%
Judith
100%
Morgan
100%
Negan
100%
Rick
100%
Rosita
100%
Sasha
100%
Shane
100%
Sophia
100%
T-Dog
100%
Aaron
89%
Alpha
89%
Beta
89%
Daryl
89%
Dog
89%
Dwight
89%
Enid
89%
Ezekiel
89%
Henry
89%
Hershel
89%
Jerry
89%
Lizzie
89%
Lori
89%
Maggie
89%
Merle
89%
Michonne
89%
Noah
89%
Shiva
89%
Simon
89%
Tara
89%
Tyreese
89%
Amy
78%
Bob
78%
Dawn
78%
Deanna
78%
Denise
78%
Duane
78%
Gavin
78%
Governor
78%
Gregory
78%
Jadis
78%
Jim
78%
Milton
78%
Otis
78%
RJ
78%
Alden
67%
Axel
67%
Eastman
67%
Ed
67%
Eric
67%
Heath
67%
Jacqui
67%
Jessie
67%
Joe
67%
Leah
67%
Lydia
67%
Magna
67%
Mercer
67%
Morales
67%
Nicholas
67%
Pete
67%
Ron
67%
Sam
67%
Siddiq
67%
Spencer
67%
Yumiko
67%
Benjamin
56%
Big Tiny
56%
Connie
56%
Cyndie
56%
Edwin
56%
Gareth
56%
Jimmy
56%
Kelly
56%
Luke
56%
Olivia
56%
Pamela
56%
Randall
56%
Reg
56%
Aiden
44%
Elijah
44%
Gracie
44%
Juanita
44%
Laura
44%
Patricia
44%
Shumpert
44%
Tomas
44%
Virgil
44%
Annie
33%
Kal
33%
Lance
33%
Maxxine
33%
Scott
33%
Sebastian
33%
Dante
22%
Rosie
22%
No matching quizzes found
Score Distribution
Percent of People with Each Score
Percentile by Number Answered
Your Score History
You have not taken this quiz